• 首页
  • 本馆介绍
  • 公告通知
  • 最新文献
  • 馆藏检索
  • 电子资源
  • 读者导购
  • 参考咨询
  • 我的图书馆
  • 登录
  • 详细信息显示
  • 放入我的书架
  • 预约/预借图书
  • 作者相关作品
  • 分类相关作品
  • 丛书相关作品
  • 出版社相关作品

书目信息

  • 表格格式
  • 工作单格式
  • 卡片格式
题名:
现代中小学教育与管理研究
    
 
作者: 叶宝华 著
分册:  
出版信息: 成都   电子科技大学出版社  2002
页数: 312页
开本: 20cm
丛书名:
单 册:
中图分类: G630-53
科图分类:
主题词: 中小学--教育管理学--研究 , 中小学 , 教育管理学
电子资源:
ISBN: 7-81065-759-3
000 00972nam0 2200265 45
001 0120066002721
005 20070108094312.62
010    @a7-81065-759-3@dCNY20.00
092    @aCN@b489622
100    @a20060405e20052002em y0chiy0120 ea
101 0  @achi
102    @aCN@b510000
105    @ay z 000yy
200 1  @a现代中小学教育与管理研究@9xian dai zhong xiao xue jiao yu yu guan li yan jiu@f叶宝华著
210    @a成都@c电子科技大学出版社@d2002@h2005重印
215    @a312页@d20cm
314    @a叶宝华,(1960~)长期从事教学管理的教育科学研究工作,在《教学月刊》,《教育现代化》,《数学教师》等发表和获奖的教育教学论文。
330    @a本书内容包括重新理解中小学教育管理、重新认识学校、特色学校的构建、学校教育管理职能的新发展、学校教师管理的新策略等。
606 0  @a中小学@x教育管理学@x研究
606 0  @a中小学
606 0  @a教育管理学
690    @aG630-53@v4
701  0 @a叶宝华@9ye bao hua@4著
801  0 @aCN@bLZJBOOK@c20070108
905    @a10447@dG630-53@e158
    
    现代中小学教育与管理研究/叶宝华著.-成都:电子科技大学出版社,2002(2005重印)
    312页;20cm
    
    
    ISBN 7-81065-759-3:CNY20.00
    本书内容包括重新理解中小学教育管理、重新认识学校、特色学校的构建、学校教育管理职能的新发展、学校教师管理的新策略等。
●
相关链接 在E读中查询图书 在五车中查询图书 在当当中查询图书 在豆瓣中查询图书


正题名:现代中小学教育与管理研究     索取号:G630-53/158         预约/预借

序号 登录号 条形码 馆藏地/架位号 状态 备注
1 0563420   205634205   第一样本阅览室/ [索取号:G630-53/158] 在馆    
2 0563421   205634214   密集书库/ [索取号:G630-53/158] 在馆    
3 0563422   205634223   第四借阅区/ [索取号:G630-53/158] 在馆    
4 0563423   205634232   密集书库/ [索取号:G630-53/158] 在馆    
5 0563424   205634241   密集书库/ [索取号:G630-53/158] 在馆    
6 0563425   205634250   第四借阅区/ [索取号:G630-53/158] 在馆    
7 0563426   205634269   第四借阅区/ [索取号:G630-53/158] 在馆    
8 0563427   205634278   第四借阅区/ [索取号:G630-53/158] 在馆    
唐山师范学院图书馆 欢迎您!
大连网信软件有限公司© 版权所有